<?xml version="1.0" encoding="UTF-8"?>
<record
    xmlns:xsi="http://www.w3.org/2001/XMLSchema-instance"
    xsi:schemaLocation="http://www.loc.gov/MARC21/slim http://www.loc.gov/standards/marcxml/schema/MARC21slim.xsd"
    xmlns="http://www.loc.gov/MARC21/slim">

  <leader>00515nam a22001817a 4500</leader>
  <controlfield tag="005">20260424153854.0</controlfield>
  <controlfield tag="008">260424b        |||||||| |||| 00| 0 eng d</controlfield>
  <datafield tag="020" ind1=" " ind2=" ">
    <subfield code="a">9798886130508</subfield>
    <subfield code="c">2795.00</subfield>
  </datafield>
  <datafield tag="040" ind1=" " ind2=" ">
    <subfield code="a">MAIN</subfield>
  </datafield>
  <datafield tag="041" ind1=" " ind2=" ">
    <subfield code="a">English</subfield>
  </datafield>
  <datafield tag="082" ind1=" " ind2=" ">
    <subfield code="a">512.7</subfield>
    <subfield code="b">CHE</subfield>
  </datafield>
  <datafield tag="100" ind1=" " ind2=" ">
    <subfield code="a">Cherednik, Ivan</subfield>
    <subfield code="9">26754</subfield>
  </datafield>
  <datafield tag="245" ind1=" " ind2=" ">
    <subfield code="a">Combinatorics Modeling Elementary Number Theory </subfield>
    <subfield code="b">: from Basic to Advanced</subfield>
  </datafield>
  <datafield tag="260" ind1=" " ind2=" ">
    <subfield code="a">New Jersey </subfield>
    <subfield code="b">World Scientific </subfield>
    <subfield code="c">2024</subfield>
  </datafield>
  <datafield tag="300" ind1=" " ind2=" ">
    <subfield code="a">374</subfield>
  </datafield>
  <datafield tag="650" ind1=" " ind2=" ">
    <subfield code="a">Mathematics (PM USHA)</subfield>
    <subfield code="9">26738</subfield>
  </datafield>
  <datafield tag="942" ind1=" " ind2=" ">
    <subfield code="c">BK</subfield>
  </datafield>
  <datafield tag="999" ind1=" " ind2=" ">
    <subfield code="c">60739</subfield>
    <subfield code="d">60739</subfield>
  </datafield>
  <datafield tag="952" ind1=" " ind2=" ">
    <subfield code="0">0</subfield>
    <subfield code="1">0</subfield>
    <subfield code="2">ddc</subfield>
    <subfield code="4">0</subfield>
    <subfield code="6">512_700000000000000_CHE</subfield>
    <subfield code="7">0</subfield>
    <subfield code="9">93800</subfield>
    <subfield code="a">MAIN</subfield>
    <subfield code="b">MAIN</subfield>
    <subfield code="d">2026-04-24</subfield>
    <subfield code="o">512.7 CHE</subfield>
    <subfield code="p">32833</subfield>
    <subfield code="r">2026-04-24</subfield>
    <subfield code="w">2026-04-24</subfield>
    <subfield code="y">BK</subfield>
  </datafield>
  <datafield tag="952" ind1=" " ind2=" ">
    <subfield code="0">0</subfield>
    <subfield code="1">0</subfield>
    <subfield code="2">ddc</subfield>
    <subfield code="4">0</subfield>
    <subfield code="6">512_700000000000000_CHE</subfield>
    <subfield code="7">0</subfield>
    <subfield code="9">93801</subfield>
    <subfield code="a">MAIN</subfield>
    <subfield code="b">MAIN</subfield>
    <subfield code="d">2026-04-24</subfield>
    <subfield code="o">512.7 CHE</subfield>
    <subfield code="p">32834</subfield>
    <subfield code="r">2026-04-24</subfield>
    <subfield code="w">2026-04-24</subfield>
    <subfield code="y">BK</subfield>
  </datafield>
  <datafield tag="952" ind1=" " ind2=" ">
    <subfield code="0">0</subfield>
    <subfield code="1">0</subfield>
    <subfield code="2">ddc</subfield>
    <subfield code="4">0</subfield>
    <subfield code="6">512_700000000000000_CHE</subfield>
    <subfield code="7">0</subfield>
    <subfield code="9">93802</subfield>
    <subfield code="a">MAIN</subfield>
    <subfield code="b">MAIN</subfield>
    <subfield code="d">2026-04-24</subfield>
    <subfield code="o">512.7 CHE</subfield>
    <subfield code="p">32835</subfield>
    <subfield code="r">2026-04-24</subfield>
    <subfield code="w">2026-04-24</subfield>
    <subfield code="y">BK</subfield>
  </datafield>
</record>
